New Perspectives in Indian Philosophy/ (Record no. 213852)

MARC details
000 -LEADER
fixed length control field 00657nam a22001817a 4500
005 - DATE AND TIME OF LATEST TRANSACTION
control field 20251205105544.0
010 ## - LCCN (DPL NO)
LC control number ENG-147206
020 ## - INTERNATIONAL STANDARD BOOK NUMBER
Terms of availability 600.00
International Standard Book Number 9789391706241
035 ## - SYSTEM CONTROL NUMBER
System control number EN-130738
037 ## - SOURCE OF ACQUISITION
Source of stock number/acquisition DBAD
082 ## - DEWEY DECIMAL CLASSIFICATION NUMBER
Classification number 181.4
Edition number 1
245 ## - TITLE STATEMENT
Title New Perspectives in Indian Philosophy/
Statement of responsibility, etc Kalidas Bhattacharyya [and] Edited By Nirmalya Narayan Chakraborty
250 ## - EDITION STATEMENT
Edition statement 1
260 ## - PUBLICATION, DISTRIBUTION, ETC. (IMPRINT)
Place of publication, distribution, etc Kolkata
Name of publisher, distributor, etc The Ramakrishna Mission Institute Of Culture
Date of publication, distribution, etc 2023
270 ## - ADDRESS
City Kolkata
Address The Ramakrishna Mission Institute Of Culture Gol Park, Kolkata India
Postal code 700029
Electronic mail address rmicsale@gmail.com
300 ## - PHYSICAL DESCRIPTION
Extent 445p.
Dimensions 22cm(hb)
942 ## - ADDED ENTRY ELEMENTS (KOHA)
Source of classification or shelving scheme Dewey Decimal Classification
Item type English Books
Classification part 181.4
Call number suffix NEW
Edition 1

No items available.


© Delhi Public Library
Hit Counter
free hit counter